=LDR 00000nam 2200000 4500 =001 INLIS000000000023174 =005 20130612121845 =008 ***********************************Ind** =035 ##$$0010-061300000023174 =041 ##$$a Ind =082 ##$$a 811 =090 ##$$a 811, Ais-n =100 ##$$a Ais =245 ##$$a Nyanyian rembulan, Ais =260 ##$$a 2006 $b Mataram =300 ##$$a x, 78 hlm., 20 cm =650 ##$$a Puisi Indonesia =850 ##$$a NBPNMAT